Normal view
MARC view
- Geiwitz, James.
Entry Personal Name
001 - CONTROL NUMBER
- control field: 1254
003 - CONTROL NUMBER IDENTIFIER
- control field: OSt
005 - DATE AND TIME OF LATEST TRANSACTION
- control field: 20170504113046.0
008 - FIXED-LENGTH DATA ELEMENTS
- fixed length control field: 170504|| aca||aabn | a|a d
040 ## - CATALOGING SOURCE
- Original cataloging agency: OSt
- Transcribing agency: OSt
100 ## - HEADING--PERSONAL NAME
- Personal name: Geiwitz, James.
670 ## - SOURCE DATA FOUND
- Source citation: Work cat.: (OSt): Schaie, K. Warner |q (Klaus Warner) 1928- 1250, Adult development and aging /, c1982.

PORTAL AKMAL
E-MEL JKDM
AKMAL2U
G-BAM
u-PUSTAKA